| 000 | nam a22 a 4500 | ||
|---|---|---|---|
| 999 |
_c2096 _d2096 |
||
| 003 | AKMAL | ||
| 005 | 20170515112759.0 | ||
| 008 | 170515s2003 my 00 may d | ||
| 020 |
_a9831921690 (kkt.): _cRM23.00 |
||
| 040 |
_aAKMAL _cAKMAL |
||
| 049 | 0 | 0 | _aklpmal |
| 082 | 0 | 4 |
_a361.95 MOH _221 |
| 090 | 0 | 0 |
_a361.95 _bMOH |
| 090 | 2 | 0 |
_a361.95 _bMOH |
| 100 | 0 |
_aMohamed Hatta Hj. Shaharom, _d1952- _94322 |
|
| 245 | 1 | 0 |
_aMemupuk semangat sanggup berkorban / _cProf. Dr.Mohamed Hatta Shaharom, Dr. Noor Aini Raimi, Dr. Muhammad Munawar |
| 260 |
_aBentong, Pahang : _bPTS Publications & Distributors, _c2003 |
||
| 300 | 0 | 0 |
_a213ms. : _bil., peta ; _c23cm |
| 440 | 0 |
_aSiri inspirasi _91931 |
|
| 500 | _aMengandungi indeks | ||
| 504 | _aBibliografi : ms. [211] | ||
| 650 | 0 |
_aHumanitarian assistance, Malaysian _94323 |
|
| 650 | 0 |
_aSocial service _xPersonal narratives _zIraq _94324 |
|
| 650 | 0 |
_aSocial service _xPersonal narratives _zSerbia _zKosova _94325 |
|
| 650 | 0 |
_aSocial service _xPersonal narratives _zAfghanistan _94326 |
|
| 700 | 0 |
_aNoor Aini Raimi _94327 |
|
| 700 | 0 |
_aMuhammad Munawar _94328 |
|
| 942 |
_2ddc _cBOOK |
||